000
00223 a2200097 4500
001
58653
100
_a
245
_a
Post colonial states in asia
260
_a
Lahore
_b
Sang-e-Meel publication
_c
1998
090
_c
35977
_d
35977
942
_a
NUST-CAE
_c
_c
28865
999
_c
293726
_d
293726